| 000 | 00891nam a22002777a 4500 | ||
|---|---|---|---|
| 003 | CHAP | ||
| 005 | 20220329135948.0 | ||
| 008 | 971013s1982 r 00010 d | ||
| 010 | _a44785 | ||
| 011 | _a45757 | ||
| 035 | _a49896 | ||
| 040 | _cCHAP | ||
| 082 |
_a641.1 _bU52 |
||
| 100 | 0 | 0 |
_aUnderwood, Barbara A. _eed. _9116138 |
| 245 |
_aMethodologies for human population studies in nutrition related to health _b: proceedings |
||
| 260 |
_a(s.l.) : _bU.S. Department of Health and Human Services, _c1982 |
||
| 300 | _a195 p. | ||
| 590 |
_aBATCH-UPD _b10 _c20130110 _lUCH01 _h1756 |
||
| 590 |
_aBATCH-UPD _b10 _c20130410 _lUCH01 _h1133 |
||
| 590 |
_aBATCH-UPD _b10 _c20130914 _lUCH01 _h1843 |
||
| 590 |
_aCONVERSION _b10 _c20130109 _lUCH01 _h1325 |
||
| 650 | 1 | 4 |
_aNutrición. _982246 |
| 901 | _aBK | ||
| 942 | _cLIBRO | ||
| 949 |
_a641.1 U52 _bBC _cLIBRO _d33724000277919 _eLIBRO _h60007 _i49896 _si |
||
| 999 |
_c44785 _d44785 |
||